| 000 | 00515nam a22001697a 4500 | ||
|---|---|---|---|
| 003 | BD-ChCU | ||
| 005 | 20251217110212.0 | ||
| 008 | 251217b bg ||||| |||| 00| 0 ben d | ||
| 040 | _cBD-ChCU | ||
| 082 | _a551.4702 STW | ||
| 100 |
_aStoker , J.J. ed. _918242 |
||
| 245 |
_aWater waves : _bthe mathematical theory with applications./ _cJ.J. Stoker. |
||
| 260 |
_aNew York : _bInterscience pub. _cC 1957 |
||
| 300 | _axxviii , 567p | ||
| 650 | 0 |
_aWaves , Marine biology . Mathematics. _918245 |
|
| 942 |
_2ddc _cBK _n0 |
||
| 999 |
_c110504 _d110504 |
||